000 00441nam a2200169Ia 4500
001 11278
005 20260306161934.0
008 260306t9999||||xx |||||||||||||| ||spa||
041 _aESP
082 _a985.02
_bP85 T. 1
100 _aPrescott, Guillermo H.
_eAUT
245 0 _aHistoria de la conquista del Perú:
_b(versión completa)
300 _a425 páginas :
_c17 cm.
650 _aGEN
654 _aCHU
942 _cLIB
_dJUS
_fJUS
_2ddc
_n
999 _c11278
_d11278